| Tag |
First Indicator |
Second Indicator |
Subfields |
| LEADER |
00000cam a2200000 i 4500 |
| 001 |
in00000724813 |
| 005 |
20151016082947.0 |
| 008 |
780804r19711971miu ab 00010 eng d |
| 035 |
|
|
|a (OCoLC)04112167
|
| 035 |
|
|
|9 ADG6886AM
|
| 040 |
|
|
|a TXA
|c TXA
|d UtOrBLW
|
| 049 |
|
|
|a TXAI
|
| 099 |
|
|
|a film
|a B
|a 228
|
| 100 |
1 |
|
|a Hooten, David Earl.
|
| 245 |
1 |
4 |
|a The admissions function in public, urban colleges and universities /
|c by David Earl Hooten.
|
| 264 |
|
1 |
|a [Bloomington, Ind.] :
|b Hooten,
|c 1971.
|
| 300 |
|
|
|a vii, 148 leaves.
|
| 336 |
|
|
|a text
|b txt
|2 rdacontent
|
| 337 |
|
|
|a microform
|b h
|2 rdamedia
|
| 338 |
|
|
|a microfilm reel
|b hd
|2 rdacarrier
|
| 500 |
|
|
|a Vita.
|
| 500 |
|
|
|a Microfilm of typescript. Ann Arbor, Mich. : University Microfilms, 1971. -- 1 reel ; 35 mm.
|
| 502 |
|
|
|c Indiana University.
|
| 504 |
|
|
|a Bibliography: leaves 117-121.
|
| 500 |
|
|
|a Microform.
|
| 650 |
|
0 |
|a Universities and colleges
|x Admission.
|
| 650 |
|
0 |
|a Public universities and colleges.
|
| 999 |
|
|
|a MARS
|
| 999 |
f |
f |
|s 8eefb4aa-3118-37cd-9066-5e68071ca579
|i 1247bebe-7446-3020-a8a9-349a37a7ea50
|t 0
|
| 952 |
f |
f |
|p normal
|a Texas A&M University
|b College Station
|c Sterling C. Evans Library
|d Evans: Microforms (3rd floor)
|t 0
|e film B 228
|h Other scheme
|i microform -- microfilm reel
|m A14833808379
|
| 998 |
f |
f |
|a film B 228
|t 0
|l Evans: Microforms (3rd floor)
|